[Event "Urals-ch"]
[Site "Cheliabinsk"]
[Date "2022.03.16"]
[Round "1"]
[White "Iljiushenok, Ilia"]
[Black "Druchenko, Mikhail"]
[Result "1-0"]
[WhiteElo "2539"]
[BlackElo "1884"]
[PlyCount "77"]
[EventDate "2022.03.16"]
[EventType "swiss"]
[EventRounds "9"]
[EventCountry "RUS"]
[SourceTitle "CBM 207 Extra"]
[Source "ChessBase"]
[SourceDate "2022.05.31"]
[SourceVersion "1"]
[SourceVersionDate "2022.05.31"]
[SourceQuality "1"]

1. e4 e5 2. Nc3 Nf6 3. Bc4 Bc5 4. d3 Nc6 5. f4 d6 6. Nf3 a6 7. f5 Na5 8. Bg5 Bb4 9. Bb3 Nxb3 10. axb3 h6 11. Bh4 0-0 12. 0-0 c6 13. Kh1 g5 14. Bf2 Bd7 15. Qe2 Ba5 16. Be3 Bb6 17. Nd1 Bxe3 18. Qxe3 Nh7 19. Nf2 h5 20. g4 h4 21. d4 Qe7 22. dxe5 dxe5 23. Qb6 Be8 24. Rfd1 f6 25. Nd3 Rd8 26. Nc5 Rxd1+ 27. Rxd1 Rf7 28. b4 Nf8 29. Qd8 a5 30. Qxe7 Rxe7 31. bxa5 Kf7 32. Nd2 Rc7 33. Nc4 Ke7 34. Nd6 Bf7 35. b3 Bd5 36. exd5 Kxd6 37. Ne4+ Kd7 38. d6 Rc8 39. Nc5+ 1-0

[Event "Cheliabinsk Panchenko Memorial op-A"]
[Site "Cheliabinsk"]
[Date "2020.09.15"]
[Round "9"]
[White "Zhambalov, Bator1"]
[Black "Druchenko, Mikhail"]
[Result "0-1"]
[WhiteElo "1674"]
[BlackElo "1838"]
[PlyCount "102"]
[EventDate "2020.09.07"]
[EventType "swiss"]
[EventRounds "9"]
[EventCountry "RUS"]
[SourceTitle "CBM 198 Extra"]
[Source "ChessBase"]
[SourceDate "2020.11.30"]
[SourceVersion "1"]
[SourceVersionDate "2020.11.30"]
[SourceQuality "1"]

1. e4 e5 2. Nf3 Nc6 3. Bb5 Nd4 4. Nxd4 exd4 5. d3 Bc5 6. 0-0 c6 7. Bc4 d5 8. exd5 cxd5 9. Bb3 Ne7 10. Bf4 0-0 11. Nd2 a5 12. a4 Ra6 13. Re1 Rg6 14. Bg3 Bg4 15. Qc1 Nc6 16. h3 Bc8 17. Nf3 Bd6 18. Bxd6 Qxd6 19. Nh4 Rf6 20. Qg5 Be6 21. Qg3 Qxg3 22. fxg3 Rd8 23. g4 Bc8 24. Nf3 Re6 25. Ng5 Rxe1+ 26. Rxe1 h6 27. Nf3 Be6 28. Kf2 Kf8 29. Ke2 Ke7 30. Kd2 Kd6 31. c3 dxc3+ 32. bxc3 Rb8 33. Kc2 g5 34. Rf1 Rf8 35. Nd2 f5 36. gxf5 Rxf5 37. Rxf5 Bxf5 38. Nf3 Ne5 39. Nxe5 Kxe5 40. Kd2 d4 41. Bf7 Bd7 42. Bb3 h5 43. Bf7 h4 44. c4 Bxa4 45. Ke2 Bc6 46. Kf2 b6 47. g3 a4 48. gxh4 gxh4 49. Ke2 a3 50. c5 bxc5 51. Ba2 Bd5 0-1

[Event "Cheliabinsk Panchenko Memorial op-A"]
[Site "Cheliabinsk"]
[Date "2020.09.12"]
[Round "6"]
[White "Druchenko, Mikhail"]
[Black "Zhukov, Anton"]
[Result "0-1"]
[WhiteElo "1838"]
[BlackElo "2223"]
[PlyCount "44"]
[EventDate "2020.09.07"]
[EventType "swiss"]
[EventRounds "9"]
[EventCountry "RUS"]
[SourceTitle "CBM 198 Extra"]
[Source "ChessBase"]
[SourceDate "2020.11.30"]
[SourceVersion "1"]
[SourceVersionDate "2020.11.30"]
[SourceQuality "1"]

1. e4 c5 2. Nf3 d6 3. b3 Nf6 4. e5 dxe5 5. Nxe5 Nbd7 6. Nxd7 Bxd7 7. Be2 Qc7 8. Nc3 Bc6 9. Bf3 e6 10. Bb2 a6 11. Qe2 Be7 12. h3 0-0-0 13. 0-0-0 Rd7 14. Rhe1 Bxf3 15. Qxf3 Rhd8 16. Ne4 Qa5 17. Nc3 Rd4 18. d3 R4d7 19. Kb1 Bf8 20. Re2 c4 21. Red2 Bb4 22. d4 Nd5 0-1

[Event "Cheliabinsk Panchenko Memorial op-A"]
[Site "Cheliabinsk"]
[Date "2020.09.10"]
[Round "4"]
[White "Danzandorzhiev, Bulat"]
[Black "Druchenko, Mikhail"]
[Result "0-1"]
[WhiteElo "1738"]
[BlackElo "1838"]
[PlyCount "94"]
[EventDate "2020.09.07"]
[EventType "swiss"]
[EventRounds "9"]
[EventCountry "RUS"]
[SourceTitle "CBM 198 Extra"]
[Source "ChessBase"]
[SourceDate "2020.11.30"]
[SourceVersion "1"]
[SourceVersionDate "2020.11.30"]
[SourceQuality "1"]

1. d4 f5 2. c4 Nf6 3. Nf3 g6 4. Nc3 Bg7 5. Bf4 0-0 6. e3 d6 7. h3 Qe8 8. Qb3 Kh8 9. Nb5 Na6 10. Be2 c6 11. Nc3 Nh5 12. Bh2 e5 13. 0-0 Qe7 14. Rad1 f4 15. c5 dxc5 16. dxe5 Be6 17. Qa4 Nb4 18. a3 Nd5 19. Nxd5 Bxd5 20. e4 Bg8 21. Rd2 a6 22. Rfd1 Rad8 23. Qa5 Rxd2 24. Rxd2 Bxe5 25. Nxe5 Qxe5 26. Bxh5 gxh5 27. Rd8 Qxb2 28. Kh1 b6 29. Qd2 Qxd2 30. Rxd2 Kg7 31. Rd6 Rf6 32. Rxf6 Kxf6 33. Bxf4 Bb3 34. Kg1 c4 35. Bc7 b5 36. g4 hxg4 37. hxg4 Bd1 38. e5+ Ke6 39. f4 Bxg4 40. Kf2 Kd5 41. Ke3 h5 42. Bd8 c5 43. Be7 Bf5 44. Bd6 c3 45. Be7 a5 46. Bd8 a4 47. Ba5 Kc4 0-1

[Event "Cheliabinsk Panchenko Memorial op-A"]
[Site "Cheliabinsk"]
[Date "2020.09.08"]
[Round "2"]
[White "Pingin, Artem"]
[Black "Druchenko, Mikhail"]
[Result "1-0"]
[WhiteElo "2219"]
[BlackElo "1838"]
[PlyCount "55"]
[EventDate "2020.09.07"]
[EventType "swiss"]
[EventRounds "9"]
[EventCountry "RUS"]
[SourceTitle "CBM 198 Extra"]
[Source "ChessBase"]
[SourceDate "2020.11.30"]
[SourceVersion "1"]
[SourceVersionDate "2020.11.30"]
[SourceQuality "1"]

1. e4 e5 2. Nf3 Nc6 3. Bb5 a6 4. Ba4 Nf6 5. 0-0 b5 6. Bb3 Bb7 7. Re1 Bc5 8. c3 Ng4 9. d4 exd4 10. Bxf7+ Kxf7 11. Ng5+ Kg8 12. Qxg4 Ne5 13. Qg3 Qf6 14. Nh3 h6 15. f4 Ng6 16. Kh1 Re8 17. Nd2 dxc3 18. bxc3 Qh4 19. Bb2 Qxg3 20. hxg3 Kf7 21. a4 Re7 22. Ba3 Bxa3 23. Rxa3 Rhe8 24. Nf2 Bc6 25. axb5 axb5 26. Ra7 d6 27. Rea1 Rb8 28. Nf3 1-0

[Event "Eurasia Cup op"]
[Site "Ekaterinburg"]
[Date "2019.08.08"]
[Round "8"]
[White "Druchenko, Mikhail"]
[Black "Garifullina, Leya"]
[Result "0-1"]
[WhiteElo "1829"]
[BlackElo "2268"]
[PlyCount "96"]
[EventDate "2019.07.31"]
[EventType "swiss"]
[EventRounds "9"]
[EventCountry "RUS"]
[SourceTitle "CBM 191 Extra"]
[Source "ChessBase"]
[SourceDate "2019.09.30"]
[SourceVersion "1"]
[SourceVersionDate "2019.09.30"]
[SourceQuality "1"]

1. e4 c5 2. Nf3 d6 3. c3 Nf6 4. Bd3 Nc6 5. 0-0 d5 6. e5 c4 7. Bc2 Nd7 8. Re1 Qc7 9. d4 cxd3 10. Bxd3 e6 11. Bf4 Be7 12. Nbd2 Nb6 13. c4 Nb4 14. Bf1 dxc4 15. Qc1 Bd7 16. a3 N4d5 17. Nxc4 Nxc4 18. Bxc4 Nxf4 19. Qxf4 0-0 20. Rac1 Qb6 21. Qd2 Bc6 22. Qe2 Rfd8 23. Red1 a5 24. Rd3 Rxd3 25. Bxd3 Rd8 26. h3 g6 27. Rc2 Bc5 28. Bc4 Bd4 29. Rd2 Bxf3 30. gxf3 Rc8 31. Rc2 Qd8 32. f4 Qh4 33. Qf3 b5 34. Bd3 Rxc2 35. Bxc2 Bxb2 36. Qe3 Qd8 37. Bd3 b4 38. axb4 axb4 39. Bc2 Bc3 40. Kh2 Qd5 41. Kg3 Bd2 42. Qf3 Qd4 43. Bb3 Kg7 44. Bd1 h5 45. Bc2 Qc4 46. Bb3 Qf1 47. Kh4 Be1 48. Kg3 h4+ 0-1

[Event "Pardubice Czech op-C 29th"]
[Site "Pardubice"]
[Date "2018.07.27"]
[Round "8"]
[White "Druchenko, Mikhail"]
[Black "Igumnov, Alexandr"]
[Result "0-1"]
[WhiteElo "1727"]
[BlackElo "1926"]
[PlyCount "102"]
[EventDate "2018.07.21"]
[EventType "swiss"]
[EventRounds "9"]
[EventCountry "CZE"]
[SourceTitle "CBM 186 Extra"]
[Source "ChessBase"]
[SourceDate "2018.08.24"]
[SourceVersion "1"]
[SourceVersionDate "2018.08.24"]
[SourceQuality "1"]

1. e4 e6 2. d4 d5 3. e5 c5 4. c3 Nc6 5. Nf3 Qb6 6. a3 c4 7. Nbd2 Na5 8. h4 Be7 9. g3 Bd7 10. Bh3 0-0-0 11. 0-0 h6 12. Rb1 g5 13. b3 cxb3 14. Nxb3 Ba4 15. Nfd2 gxh4 16. Qc2 hxg3 17. fxg3 Bg5 18. Qa2 Nxb3 19. Nxb3 Bxb3 20. Rxb3 Qc7 21. Rb5 Kb8 22. Qb2 Rh7 23. c4 Ne7 24. c5 Nc6 25. Bg2 Rg7 26. Qf2 Bxc1 27. Rxc1 Rdg8 28. Rc3 Ka8 29. Rcb3 Rb8 30. Qf6 Rg6 31. Qf2 Rg4 32. Rd3 Qe7 33. a4 h5 34. Bh3 Rg6 35. Kh2 f5 36. exf6 Rxf6 37. Qb2 h4 38. Qg2 Qf7 39. Rb2 hxg3+ 40. Qxg3 Rg8 41. Qe3 Rh8 42. Rg2 Qc7+ 43. Kg1 a6 44. Rg3 Qa5 45. Kg2 Qxa4 46. Qd2 Qa1 47. Kh2 Qf1 48. Rg8+ Ka7 49. Rxh8 Rf2+ 50. Qxf2 Qxf2+ 51. Bg2 Nxd4 0-1

[Event "Salekhard-ch"]
[Site "Salekhard"]
[Date "2015.02.01"]
[Round "8"]
[White "Druchenko, Mikhail"]
[Black "Djachkov, Nikolay"]
[Result "1-0"]
[WhiteElo "1512"]
[BlackElo "1900"]
[PlyCount "53"]
[EventDate "2015.01.23"]
[EventType "swiss"]
[EventRounds "9"]
[EventCountry "RUS"]
[SourceTitle "CBM 164 Extra"]
[Source "ChessBase"]
[SourceDate "2015.03.02"]
[SourceVersion "1"]
[SourceVersionDate "2015.03.02"]
[SourceQuality "1"]

1. e4 e5 2. Nf3 Nc6 3. Bc4 Nf6 4. Ng5 d5 5. exd5 Na5 6. Bb5+ c6 7. dxc6 bxc6 8. Be2 h6 9. Nf3 e4 10. Ne5 Bd6 11. d4 exd3 12. Nxd3 0-0 13. 0-0 Qc7 14. h3 Rb8 15. b3 c5 16. Bb2 Nd5 17. c4 Nf4 18. Nxf4 Bxf4 19. Nc3 Rd8 20. Nd5 Qd6 21. Nxf4 Qxd1 22. Raxd1 Rxd1 23. Rxd1 Nc6 24. Nd5 Be6 25. Bf3 a5 26. Nf6+ gxf6 27. Bxc6 1-0